000 00284nam a22001097a 4500
008 170125b xxu||||| |||| 00| 0 eng d
020 _a9781401810696
041 _aeng
080 _22ND
_a618.2
245 _aDELMAR'S FUNDAMENTALS & ADVANCED NURSING SKILLS
_cALTMAN, G.B
942 _2udc
_cBK
999 _c3647
_d3647